5 Least Populated Capitals By Continent - Statistics

General Stats
  • This quiz has been taken 70 times
  • The average score is 20 of 30
Answer Stats
Continent Population Capital % Correct
Europe 5,248 Vaduz
95%
Europe 826 Vatican City
93%
Europe 4,493 San Marino
91%
Europe 22,884 Andorra La Vella
84%
South America 135,599 Georgetown
82%
South America 1,370,000 Montevideo
80%
South America 254,147 Paramaribo
79%
Europe 6,444 Valletta
79%
South America 525,294 Asuncion
71%
Asia 59,069 Dili
70%
Africa 56,166 Sao Tome
70%
Africa 29,298 Victoria
70%
Asia 103,693 Male
68%
North America 22,679 St. John's
68%
South America 261,201 Sucre
68%
Oceania 1,100 Yaren
68%
Oceania 271 Ngerulmud
64%
North America 13,043 Basseterre
63%
North America 16,451 Belmopan
59%
Africa 60,200 Moroni
59%
North America 7,500 St. George's
59%
Asia 101,259 Thimphu
57%
Asia 28,135 Bandar Seri Begawan
55%
Oceania 4,492 Funafuti
55%
Oceania 22,400 Nuku'Alofa
55%
North America 14,847 Roseau
55%
Oceania 9,900 Palikir
43%
Asia 115,826 Sri Jayawardenepura Kotte
34%
Africa 34,828 Banjul
32%
Africa 41,944 Gitega
25%
No matching quizzes found
Score Distribution
Percent of People with Each Score
Percentile by Number Answered
Your Score History
You have not taken this quiz